Normal view
MARC view
- Csikszentmihalyi, Mihaly
Entry Nombre personal
001 - NÚMERO DE CONTROL
- campo de control: 6551
003 - IDENTIFICADOR DEL NÚMERO DE CONTROL
- campo de control: ES-StUEA
005 - FECHA Y HORA DE LA ÚLTIMA TRANSACCIÓN
- campo de control: 20260511105531.0
008 - DATOS DE LONGITUD FIJA
- campo de control de longitud fija: 260511|| aca||aabn | a|a d
040 ## - FUENTE DE LA CATALOGACIÓN
- Centro catalogador/agencia de origen: ES-StUEA
- Centro/agencia transcriptor: ES-StUEA
100 ## - ENCABEZAMIENTO-NOMBRE DE PERSONA
- Nombre de persona: Csikszentmihalyi, Mihaly
670 ## - FUENTE DE DATOS ENCONTRADOS
- Cita de la fuente: Work cat.: (ES-StUEA)0: Csikszentmihalyi, Mihaly, Fluir (Flow) :, 2025